000 00764nam a2200253 a 4500
008
020 _a0521388414 (pbk.)
049 _aMAIN
090 _aQA9.58
100 1 _aGibbons, Alan
_q(Alan M.)
245 1 0 _aEfficient parallel algorithms /
_cAlan Gibbons, Wojciech Rytter.
260 _aCambridge :
_bCambridge University Press,
_cc1988.
300 _aviii, 259 p. ;
_c25 cm.
504 _aIncludes bibliographical references.
500 _aIncludes index.
650 0 _aParallel programming (Computer science)
650 0 _aAlgorithms.
700 1 _aRytter, Wojciech.
907 _a.b10039478
_b06-09-03
_c17-04-03
003
005 20230123133206.0
040 _cNUST
942 _cBOOKS
_kQA9.58
999 _c144311
_d144311